Statistics for Random European Countries Map Quiz

Click here to take the quiz!

General Stats

  • This quiz has been taken 24 times
  • The average score is 15 of 16

Answers on the Map

Answers color-coded by a green-red scale on the quiz's map according to % correct below.
 

Answer Stats

Answer% Correct
Andorra
100%
Belarus
100%
Belgium
100%
Bosnia and
Herzegovina
100%
Bulgaria
100%
Denmark
100%
Estonia
100%
Hungary
100%
Kosovo
100%
Malta
100%
Netherlands
100%
Norway
100%
Poland
100%
Portugal
100%
Serbia
100%
Spain
100%
Sweden
100%
United Kingdom
100%
Russia
92%
San Marino
92%
Switzerland
90%
Ukraine
90%
Iceland
89%
Liechtenstein
88%
Lithuania
88%
Moldova
88%
Albania
86%
Austria
86%
Croatia
86%
Czech Republic
86%
Greece
86%
Italy
86%
Latvia
86%
Luxembourg
86%
Romania
86%
France
83%
Slovakia
83%
Slovenia
83%
Ireland
80%
Finland
75%
Monaco
75%
Montenegro
75%
North
Macedonia
75%
Vatican City
71%
Germany
67%

Score Distribution

Percentile by Number Answered

Percent of People with Each Score

Your Score History

You have not taken this quiz